01650nam a2200433 a 4500001001200000003000800012006001900020007001500039008004100054010001700095020003800112020003500150020002700185040002100212035002100233050003000254082001400284100002000298245012000318250001200438260005200450300003100502533015200533630002200685630002000707630003600727630004100763630002200804630003800826650002100864650003300885650002900918650003600947650004400983655002901027710001701056856012601073999001701199ebr10684919CaPaEBRm u cr cn|||||||||130222s2013 inua s 000 0 eng d z 2013933938 z9781118517178 (pbk. : alk. paper) z1118517172 (pbk. : alk. paper) z9781118680476 (e-book) aCaPaEBRcCaPaEBR a(OCoLC)84698481014aHF5548.4.M525bM37 2013eb04a005.52231 aMarmel, Elaine.10aOffice 2013 simplifiedh[electronic resource] :b[step-by-step instructions for easy learning] /cby Elaine Marmel. a1st ed. aIndianapolis, Ind. :bJohn Wiley & Sons,c2013. a395 p. :bill. (some col.) aElectronic reproduction.bPalo Alto, Calif. :cebrary,d2013.nAvailable via World Wide Web.nAccess may be limited to ebrary affiliated libraries.00aMicrosoft Office.00aMicrosoft Word.00aMicrosoft Excel (Computer file)00aMicrosoft PowerPoint (Computer file)00aMicrosoft Access.00aMicrosoft Windows (Computer file) 0aWord processing. 0aBusinessxComputer programs. 0aElectronic spreadsheets. 0aPresentation graphics software. 0aDatabase managementxComputer programs. 7aElectronic books.2local2 aebrary, Inc.40uhttp://site.ebrary.com/lib/rucke/Doc?id=10684919zAn electronic book accessible through the World Wide Web; click to view c12894d12894